000 00648nam a22002172 4500
001 0000013049
005 20151217152121.0
008 090525s xx 000 0 eng d
020 _a0070499381 :
040 _aKABU
_cKABU
100 1 _aWoods, P. S.
_@0000170141
245 1 0 _aMacromedia flash MX :
_bdeveloper's guide /
_cP. S. Woods.
250 _a1st ed.
260 _aNew Delhi :
_bTata McGraw-Hill,
_c2002.
300 _axxx, 820 p.
650 0 _aFlash (Computer file)
_@0000170142
650 0 _aComputer animation.
_@0000148515
852 1 _9p5,148 KES
908 _a090525
950 _@1
999 _c8421
_d8421